000 02163nam0a2200421 4500
001 RU\NLR\BIBL_A\011676140
005 20251120164203.0
010 _a978-5-00105-224-1
_950
021 _aRU
_bКН-П-18-1203
_9КН-П-18-016706
035 _a(NLR Aleph) 011676140
035 _a(RuMoRGB)009566292
090 _a11264066
_c11264066
100 _a20180412d2017 k y0rusy50 ca
101 0 _aeng
_arus
102 _aRU
105 _ay z 101zy
200 1 _aStress: physiological effects, pathological consequences and approaches to their prevention
_e(dedicated to the memory of Professor A. A. Filaretov)
_eAll-Russian symposium with international participation, St. Petersburg, October 10-13, 2017
_eprogram & abstracts
_fPavlov institute of physiology of the Russian academy of sciences [etc.]
210 _aSaint-Petersburg
_cPavlov institute of physiology RAS
_cLEMA
_d2017
215 _a235 с.
_d21
300 _aТекст на англ. и рус. яз.
320 _aБиблиогр. в конце ст.
320 _aУказ.: с. 232-234
541 1 _aСтресс: физиологические эффекты, патологические последствия и подходы к их профилактике.
600 1 _aФиларетов
_bА.А.
_gАнатолий Аркадьевич
_f1937 - 1996
_2nlr_sh2
_3RU\NLR\AUTH\6601631682
606 1 _aСтресс
_jСъезды, совещания и т.п
_2nlr_sh1
_2nlr_sh2
_3RU\NLR\AUTH\6613904
686 _aР252.51я431(0)
_2rubbk
686 1 _aР.г(2)7д Филаретов
686 1 _aР252.51я431(2)
686 1 _aР341.28-8я431(2)
702 1 _aFilaretov
_bA. A.
_f1937-1996
_gAnatolij Arkad'evič
_4280
711 1 2 _a"Stress: physiological effects, pathological consequences and approaches to their prevention", All-Russian symposium with international participation
_f2017
_eSaint-Petersburg
_3RU\NLR\AUTH\880469403
712 0 2 _aPavlov institute of physiology
_cSaint-Petersburg
_3RU\NLR\AUTH\880469407
_4570
942 _cBOOK
980 _aNBR
980 _aNB